Trek of the Oil Finders : (Record no. 20344)
[ view plain ]
| 000 -LEADER | |
|---|---|
| fixed length control field | 01161cam a22002895a 4500 |
| 001 - CONTROL NUMBER | |
| control field | ssib011856147 |
| 003 - CONTROL NUMBER IDENTIFIER | |
| control field | OSt |
| 005 - DATE AND TIME OF LATEST TRANSACTION | |
| control field | 20150714104936.0 |
| 008 - FIXED-LENGTH DATA ELEMENTS--GENERAL INFORMATION | |
| fixed length control field | 150626s1975 okub frb 001 0 eng d |
| 040 ## - CATALOGING SOURCE | |
| Original cataloging agency | WaSeSS |
| Language of cataloging | eng |
| Transcribing agency | WaSeSS |
| Modifying agency | WaSeSS |
| -- | EG-ScBUE |
| 082 04 - DEWEY DECIMAL CLASSIFICATION NUMBER | |
| Classification number | 622.1828 |
| Item number | OWE |
| Edition number | 22 |
| 100 1# - MAIN ENTRY--PERSONAL NAME | |
| Personal name | Owen, Edgar Wesley. |
| 9 (RLIN) | 38231 |
| 245 10 - TITLE STATEMENT | |
| Title | Trek of the Oil Finders : |
| Remainder of title | a history of exploration for petroleum / |
| Statement of responsibility, etc | by Edgar Wesley Owen. |
| 260 ## - PUBLICATION, DISTRIBUTION, ETC. (IMPRINT) | |
| Place of publication, distribution, etc | Tulsa : |
| Name of publisher, distributor, etc | American Association of Petroleum Geologists, |
| Date of publication, distribution, etc | 1975. |
| 300 ## - PHYSICAL DESCRIPTION | |
| Extent | xv, 1647 p. : |
| Other physical details | maps ; |
| Dimensions | 24 cm. |
| 490 0# - Series Statement | |
| Series statement | Memoir - American Association of Petroleum Geologists ; |
| Volume/sequential designation | 6 |
| 500 ## - GENERAL NOTE | |
| General note | At head of title : Semicentennial commemorative volume. |
| 500 ## - GENERAL NOTE | |
| General note | Includes indexes. |
| 504 ## - BIBLIOGRAPHY, ETC. NOTE | |
| Bibliography, etc | Includes bibliographical references. |
| 650 #0 - SUBJECT ADDED ENTRY--TOPICAL TERM | |
| Topical term or geographic name as entry element | Petroleum |
| General subdivision | Prospecting |
| -- | History. |
| Source of heading or term | BUEsh |
| 651 ## - SUBJECT ADDED ENTRY--GEOGRAPHIC NAME | |
| Source of heading or term | BUEsh |
| 653 ## - INDEX TERM--UNCONTROLLED | |
| Resource For college | Engineering, Petroleum |
| -- | Engineering, General |
| Arrived date list | July2015 |
| 655 ## - INDEX TERM--GENRE/FORM | |
| Form subdivision | |
| -- | 34232 |
| 700 1# - ADDED ENTRY--PERSONAL NAME | |
| Personal name | Dott, Robert H. |
| Fuller form of name | (Robert Henry), |
| Dates associated with a name | 1896- |
| Title of a work | Sourcebook for petroleum geology. |
| 710 2# - ADDED ENTRY--CORPORATE NAME | |
| Corporate name or jurisdiction name as entry element | Southwestern Federation of Geological Societies. |
| Title of a work | Fluids in subsurface environments. |
| 942 ## - ADDED ENTRY ELEMENTS (KOHA) | |
| Source of classification or shelving scheme | Dewey Decimal Classification |
| Call number prefix | 622.1828 OWE |
| Withdrawn status | Item status | Source of classification or shelving scheme | Damaged status | Not for loan | Vendor | Home library | Current library | Shelving location | Date acquired | Source of acquisition | Cost, normal purchase price | Serial Enumeration / chronology | Total Checkouts | Total Renewals | Full call number | Barcode | Date last seen | Date last borrowed | Cost, replacement price | Koha item type |
|---|---|---|---|---|---|---|---|---|---|---|---|---|---|---|---|---|---|---|---|---|
| Dewey Decimal Classification | Baccah | Central Library | Central Library | First floor | 14/07/2015 | 450.00 | 23142 | 2 | 13 | 622.1828 OWE | 000039592 | 15/07/2025 | 03/06/2018 | 562.50 | Book - Borrowing |